Tirios y troyanos (Record no. 162588)

MARC details
000 -LEADER
campo de control de longitud fija 01185nam a22002415i 4500
001 - NÚMERO DE CONTROL
campo de control 162588
003 - IDENTIFICADOR DE NÚMERO DE CONTROL
campo de control ES-MaACL
005 - FECHA Y HORA DE LA ÚLTIMA TRANSACCIÓN
campo de control 20250729063236.0
008 - DATOS DE LONGITUD FIJA--INFORMACIÓN GENERAL
campo de control de longitud fija 951113m18451848sp |||| | spa d
040 ## - FUENTE DE CATALOGACIÓN
Centro catalogador/agencia de origen CARM
Lengua de catalogación spa
Centro/agencia transcriptor CCPB | SIC
080 ## - NÚMERO DE LA CLASIFICACIÓN DECIMAL UNIVERSAL
Número de la Clasificación Decimal Universal 94(460)"1808/14"
080 ## - NÚMERO DE LA CLASIFICACIÓN DECIMAL UNIVERSAL
Número de la Clasificación Decimal Universal 94(460)"1814/33"
100 1# - ENTRADA PRINCIPAL--NOMBRE DE PERSONA
Nombre de persona Príncipe, Miguel Agustín,
Fechas asociadas al nombre 1811-1863
9 (RLIN) 131397
245 10 - MENCIÓN DEL TÍTULO
Título Tirios y troyanos
Resto del título : historia tragi-comico-politica de la España del siglo XIX con observaciones tremendas sobre las vidas, hechos y milagros de nuestros hombres y animales públicos, escrita entre agri-dulce y joco-serio... /
Mención de responsabilidad, etc. por Miguel Agustin Principe.
260 ## - PUBLICACIÓN, DISTRIBUCIÓN, ETC.
Lugar de publicación, distribución, etc. Madrid :
Nombre del editor, distribuidor, etc. [s.n.],
Fecha de publicación, distribución, etc. 1845-1848 (
Fabricante Imprenta de Pedro Mora y Soler, Imprenta de Baltasar Gonzalez)
300 ## - DESCRIPCIÓN FÍSICA
Extensión 2 v. (640, 650 p.) ;
Dimensiones 21 cm.
530 ## - NOTA DISPONIBLE DE FORMULARIO FÍSICO ADICIONAL
Nota de formato físico adicional disponible Disponible en formato digital.
651 #4 - PUNTO DE ACCESO ADICIONAL DE MATERIA--NOMBRE GEOGRÁFICO
Nombre geográfico España-
Subdivisión general Historia-
Subdivisión cronológica 1808-1814, Guerra de la Independencia
9 (RLIN) 8244
651 #4 - PUNTO DE ACCESO ADICIONAL DE MATERIA--NOMBRE GEOGRÁFICO
Nombre geográfico España-
Subdivisión general Historia-
Subdivisión cronológica 1814-1833, Fernando VII
9 (RLIN) 8248
852 ## - LOCALIZACIÓN
Ubicación ES-MaACL
Número de control de estantería F-2448
Nota libre -- Enc. hol.
-- -- 2 t. en 1 v.
856 ## - LOCALIZACIÓN Y ACCESO ELECTRÓNICOS
Identificador Uniforme de Recursos <a href="http://bdh-rd.bne.es/viewer.vm?id=0000012512&page=1 ">http://bdh-rd.bne.es/viewer.vm?id=0000012512&page=1 </a>
Nota pública Biblioteca Digital Hispánica
Holdings
Estatus retirado Estado de pérdida Estado de daño No para préstamo Colección Biblioteca de origen Biblioteca actual Ubicación en estantería Fecha de adquisición Fuente de adquisición Total de préstamos Signatura topográfica completa Código de barras Visto por última vez Precio de reemplazo Tipo de ítem Koha
        Colección digital Biblioteca del Ateneo de Madrid Biblioteca del Ateneo de Madrid Depósito 2 17/01/2008     F-2448 1170332 23/02/2023 23/02/2023 Libro impreso antiguo